<?xml version="1.0" encoding="UTF-8"?>
<record
    xmlns:xsi="http://www.w3.org/2001/XMLSchema-instance"
    xsi:schemaLocation="http://www.loc.gov/MARC21/slim http://www.loc.gov/standards/marcxml/schema/MARC21slim.xsd"
    xmlns="http://www.loc.gov/MARC21/slim">

  <leader>00740nam a22001937a 4500</leader>
  <datafield tag="999" ind1=" " ind2=" ">
    <subfield code="c">188075</subfield>
    <subfield code="d">188075</subfield>
  </datafield>
  <controlfield tag="005">20220509163754.0</controlfield>
  <datafield tag="010" ind1=" " ind2=" ">
    <subfield code="a">UR-11537</subfield>
  </datafield>
  <datafield tag="020" ind1=" " ind2=" ">
    <subfield code="c">400.00</subfield>
    <subfield code="a">9788195177929</subfield>
  </datafield>
  <datafield tag="035" ind1=" " ind2=" ">
    <subfield code="a">U-10093</subfield>
  </datafield>
  <datafield tag="037" ind1=" " ind2=" ">
    <subfield code="b">DBAD/PUB</subfield>
    <subfield code="a">-</subfield>
  </datafield>
  <datafield tag="082" ind1=" " ind2=" ">
    <subfield code="a">841.08</subfield>
    <subfield code="2">Ist</subfield>
  </datafield>
  <datafield tag="100" ind1=" " ind2=" ">
    <subfield code="a">&#x627; &#x628;&#x631; &#x627;&#x631; &#x631; &#x636;&#x627; &#x645;&#x635;&#x628;&#x627; &#x62D;&#x6CC;  </subfield>
  </datafield>
  <datafield tag="245" ind1=" " ind2=" ">
    <subfield code="a">&#x628;&#x648; &#x633;&#x62A;&#x627; &#x646; &#x622; &#x633;&#x6CC; (&#x62C;&#x644;&#x62F; &#x633;&#x648; &#x645; )</subfield>
    <subfield code="c"> &#x645;&#x627; &#x628;&#x631; &#x627;&#x631; &#x631; &#x636;&#x627; &#x645;&#x635;&#x628;&#x627; &#x62D;&#x6CC;  </subfield>
    <subfield code="h">&#x627; &#x631; &#x62F; &#x648; </subfield>
  </datafield>
  <datafield tag="246" ind1=" " ind2=" ">
    <subfield code="b">Bostan-e-Aasi Vol.3  (Urdu)</subfield>
    <subfield code="a">by Abrar Raza Misbahi </subfield>
  </datafield>
  <datafield tag="260" ind1=" " ind2=" ">
    <subfield code="a">Tilangana </subfield>
    <subfield code="b">Shah Abdul Aleem Aasi Foundation,</subfield>
    <subfield code="c">2022 &#x621;  </subfield>
  </datafield>
  <datafield tag="270" ind1=" " ind2=" ">
    <subfield code="a">Samar Apartment,R-1974014th Jogabai Extn. Jamia Nagar,</subfield>
    <subfield code="b">New Delhi </subfield>
    <subfield code="e">110025</subfield>
    <subfield code="k">09990261528</subfield>
    <subfield code="l">-</subfield>
  </datafield>
  <datafield tag="300" ind1=" " ind2=" ">
    <subfield code="a">384 &#x635;</subfield>
    <subfield code="c">22 Cm(Hb)</subfield>
  </datafield>
  <datafield tag="942" ind1=" " ind2=" ">
    <subfield code="2">ddc</subfield>
    <subfield code="c">UR</subfield>
    <subfield code="h">841.08</subfield>
    <subfield code="m">&#x627; &#x628; &#x631; </subfield>
  </datafield>
</record>
